| 000 | 00739nam a22002057a 4500 | ||
|---|---|---|---|
| 005 | 20130117141354.0 | ||
| 010 | _aENG-106615 | ||
| 020 |
_a9788124117132 _c595.00 |
||
| 035 | _aEN-90148 | ||
| 037 | _bDBAD/PUB | ||
| 100 |
_aDas, J. P. _954981 |
||
| 245 |
_aComplete plays / _cby J. P. Das |
||
| 260 |
_aNew Delhi _bHar-Anand _c2012 |
||
| 270 |
_aE-49/3, Okhla Industrial Area, Phase-II, _bNew Delhi _e110020 |
||
| 300 |
_a256p. _c22cm(Hb) |
||
| 700 |
_aBhattacharjee, Nirmal Kanti _954863 |
||
| 942 |
_2ddc _cEN _mDAS |
||
| 999 |
_c73116 _d73116 |
||